01229nam a22003014a 4500001001200000003000800012006001900020007001500039008004100054010001700095020001500112040002100127035002000148050002800168082001900196100001800215245014500233260005600378300002400434504005100458533015200509650003200661655002900693700004500722710001700767856012600784999001700910ebr10038627CaPaEBRm u cr cn|||||||||000922s2001 dcua sb 001 0 eng  z 00046058  z0309065313 aCaPaEBRcCaPaEBR a(OCoLC)5340136314aRM666.C266bM325 2001eb04a615/.323452211 aMack, Alison.10aMarijuana as medicine?h[electronic resource] :bthe science beyond the controversy /cAlison Mack, Janet Joy for the Institute of Medicine. aWashington, D.C. :bNational Academy Press,cc2001. axii, 199 p. :bill. aIncludes bibliographical references and index. aElectronic reproduction.bPalo Alto, Calif. :cebrary,d2013.nAvailable via World Wide Web.nAccess may be limited to ebrary affiliated libraries. 0aMarijuanaxTherapeutic use. 7aElectronic books.2local1 aJoy, Janet E.q(Janet Elizabeth),d1953-2 aebrary, Inc.40uhttp://site.ebrary.com/lib/rucke/Doc?id=10038627zAn electronic book accessible through the World Wide Web; click to view c57571d57571